Т. 3; Избранные произведения

Detaylı Bibliyografya
Parent link:Избранные произведения: в 3 т./ К. Маркс, Ф. Энгельс; Институт марксизма-ленинизма (ИМЛ). Т. 3.— , 1983
Dil:Rusça
Baskı/Yayın Bilgisi: 1983
Konular:
Materyal Türü: Kitap
KOHA link:https://koha.lib.tpu.ru/cgi-bin/koha/opac-detail.pl?biblionumber=304186

MARC

LEADER 00000nam2a2200000 4500
001 304186
005 20231102001657.0
035 |a (RuTPU)RU\TPU\book\329421 
090 |a 304186 
100 |a 20150911d1983 km y0rusy50 ca 
101 0 |a rus 
102 |a RU 
105 |a y z 001zy 
200 0 |a Т. 3 
210 |d 1983 
215 |a 639 с. 
320 |a Библиография в примечаниях : с. 561-597 
320 |a Указ. имен: с. 598-625 
320 |a Предм. указ.: с. 626-636 
461 1 |0 (RuTPU)RU\TPU\book\272689  |t Избранные произведения  |o в 3 т.  |f К. Маркс, Ф. Энгельс  |g Институт марксизма-ленинизма (ИМЛ)  |v Т. 3  |d 1983 
600 1 |a Фейербах  |g Людвиг  |b Л.  |c немецкий философ  |f 1804-1872  |2 stltpush  |3 (RuTPU)RU\TPU\pers\379 
606 1 |a Маркс К. Энгельс Ф.  |x Избранные произведения, письма  |2 stltpush  |3 (RuTPU)RU\TPU\subj\39694  |9 59655 
610 1 |a рабочие партии 
610 1 |a Германия 
610 1 |a письма 
610 1 |a замечания 
610 1 |a социализм 
610 1 |a труд 
610 1 |a утопия 
610 1 |a речи 
610 1 |a семья 
610 1 |a частная собственность 
610 1 |a государство 
610 1 |a насилие 
610 1 |a социал-демократия 
610 1 |a крестьянский вопрос 
686 |a Ю3(0)6-602.124  |v LBC/SL-A  |2 rubbk 
801 1 |a RU  |b 63413507  |c 20150911 
801 2 |a RU  |b 63413507  |c 20190329  |g RCR 
942 |c BK